Salmonid diseases : OJI international symposium on salmonid diseases

সংরক্ষণ করুন:
গ্রন্থ-পঞ্জীর বিবরন
বিন্যাস: গ্রন্থ
ভাষা:Undetermined
প্রকাশিত: Japan Hokkaido University Press 1992
বিষয়গুলি:
ট্যাগগুলো: ট্যাগ যুক্ত করুন
কোনো ট্যাগ নেই, প্রথমজন হিসাবে ট্যাগ করুন!
Thư viện lưu trữ: Trung tâm Học liệu Trường Đại học Cần Thơ
LEADER 00529nam a2200193Ia 4500
001 CTU_126897
008 210402s9999 xx 000 0 und d
082 |a 639.3756 
082 |b S172 
245 0 |a Salmonid diseases : 
245 0 |b OJI international symposium on salmonid diseases 
245 0 |c Edited by Takahisa Kimura 
260 |a Japan 
260 |b Hokkaido University Press 
260 |c 1992 
650 |a Fishes 
650 |x Diseases 
904 |i Giang 
980 |a Trung tâm Học liệu Trường Đại học Cần Thơ